• 首页
  • 本馆介绍
  • 公告通知
  • 最新文献
  • 馆藏检索
  • 电子资源
  • 读者导购
  • 参考咨询
  • 我的图书馆
  • 登录
  • 详细信息显示
  • 放入我的书架
  • 预约/预借图书
  • 作者相关作品
  • 分类相关作品
  • 丛书相关作品
  • 出版社相关作品

书目信息

  • 表格格式
  • 工作单格式
  • 卡片格式
题名:
黄帝内经词语通检
    
 
作者: 段逸山 编著
分册:  
出版信息: 上海   上海辞书出版社  2017.08
页数: 368页
开本: 26cm
丛书名:
单 册:
中图分类: Z89:R221.09 , R221
科图分类:
主题词: 中医医学基础
电子资源:
ISBN: 978-7-5326-4958-7
000 00965nam0 2200253 450
001 4673
005 20181012153425.40
010    @a978-7-5326-4958-7@b精装@dCNY200.00
100    @a20180217d2017 em y0chiy50 ea
101 0  @achi
102    @aCN@b310000
105    @ay c 000yy
200 1  @a黄帝内经词语通检@9huang di nei jing ci yu tong jian@f段逸山编著
210    @a上海@c上海辞书出版社@d2017.08
215    @a368页@d26cm
300    @a上海市重点学科建设项目 上海中医药大学名师传承室项目
330    @a本书是段逸山先生继《诸病源候论通检》《备急千金要方通检》后的又一部通检力作。同前两部通检一样,段逸山先生对中华医籍的源头之作《黄帝内经》作了周遍性的词语索引。《黄帝内经通检》所涉及的许多语词,在以收词丰富著称的《汉语大词典》中也未得见。
605    @a《内经》@x词语@j索引
606 0  @a中医医学基础
690    @aZ89:R221.09@v5
690    @aR221@v4
701  0 @a段逸山@9duan yi shan@4编著
801  0 @aCN@b91MARC@c20180217
905    @aMuseLib@dR221@e468
    
    黄帝内经词语通检/段逸山编著.-上海:上海辞书出版社,2017.08
    368页;26cm
    上海市重点学科建设项目 上海中医药大学名师传承室项目
    
    ISBN 978-7-5326-4958-7(精装):CNY200.00
    本书是段逸山先生继《诸病源候论通检》《备急千金要方通检》后的又一部通检力作。同前两部通检一样,段逸山先生对中华医籍的源头之作《黄帝内经》作了周遍性的词语索引。《黄帝内经通检》所涉及的许多语词,在以收词丰富著称的《汉语大词典》中也未得见。
●
相关链接 在E读中查询图书 在五车中查询图书 在当当中查询图书 在豆瓣中查询图书


正题名:黄帝内经词语通检     索取号:R221/468         预约/预借

序号 登录号 条形码 馆藏地/架位号 状态 备注
1 1126181   211261819   第二样本阅览室/ [索取号:R221/468] 在馆    
2 1126182   211261828   第三借阅区/ [索取号:R221/468] 在馆    
唐山师范学院图书馆 欢迎您!
大连网信软件有限公司© 版权所有